000 00459nam a2200181Ia 4500
008 230711s9999||||xx |||||||||||||| ||und||
020 _a978-81-907333-1-1
041 _aENG
082 _a372.5
_bRA-W
100 _aAnand,Kajal
245 2 _aA text of written and oral technical communication
250 _a1st Ed.
260 _c2013
_aDelhi
_bShree Publications
300 _a232
650 _aCOMMUNICATION SKILL
700 _aRana,Ashwani
942 _cBK
999 _c5536
_d5536